zpět

Detail výsledku týmu

Tony's Bar, Příbor

Datum a čas kvízu

36 Celkem bodů Celkový počet nahraných bodů na tomto kvízu bez doplňovacích otázek.
1. Pořadí na kvízu Konečné umístění týmu na tomto kvízu.

Zaznamenané odpovědi

# Otázka Odpověď Body Výsledky
1. Jeden z řidičů Dopravního podn... Reklama (hnutí SPD) vylepená na voze. 1
2. V belgickém městě Verviers se... srdce 0
3. Hlavní cenu Magnesia Litera –... Jan Žižka 1
4. Firma O.L.G.A. dostala od Česk... Vratislav Mynář 1
5. Do koňského nebe odešla minulý... Sixteen 1
6. „Arktida přinutí člověka, aby... Robert Peary 1
7. Snahy o prozkoumání polárních... William Baffin 1
8. Britský horolezec George Mallo... Nanga Parbat 1
9. Roku 1938 byla poprvé pokořena... Heinrich Harrer, Sedm let v Tibetu 0.5
10. Podmořští výzkumníci Jacques P... batyskaf 1